00972nam a2200217 i 4500001000300000100002100003245012800024260002700152300003600179490011200215504004200327650002800369650002600397650004900423830010100472040000800573041001300581080002100594008004100615856009800656bg1 aPORADA, Zbigniew10aOptoelektroniczne układy z cienkowarstwowymi elementami fotoprzewodzącymi i elektroluminescencyjnymi /cZbigniew Porada. aKraków :bPK,c1994. a120 s. :brys., wykr. ;c24 cm.1 aSeria Inżynieria Elektryczna / Politechnika Krakowaska im. T. Kościuszki. Monografia,x0860-097X ;v182 aBibliogr. s. 109-115. - Summ., rés. 9aOptoelektronikaxteoria 9aUkłady elektroniczne 9aModele matematycznexstosowaniexelektronika 0aSeria Inżynieria Elektryczna (Politechnika Krakowaska im. T. Kościuszki).pMonografia ;v182 cBPK0 aplbenfr a621.38.001:519.2 s pl f |000 0 pol  uhttp://koha.tu.koszalin.pl/cgi-bin/koha/opac-detail.pl?biblionumber=30447yKatalog online BPK